América Latina y la crisis Centroamericana: en busca de una solución regional /
Guardat en:
| Autor principal: | |
|---|---|
| Format: | Desconegut |
| Idioma: | Spanish |
| Publicat: |
Buenos Aires:
Grupo Editor Latinoamericano,
1988
|
| Col·lecció: | Colección Estudios Internacionales
|
| Etiquetes: |
Afegir etiqueta
Sense etiquetes, Sigues el primer a etiquetar aquest registre!
|
MARC
| LEADER | 00000 a2200000 04500 | ||
|---|---|---|---|
| 003 | cru CIDCACS/IIS | ||
| 005 | 20230307121337.0 | ||
| 008 | 200611s1988 ag |||||r|||||0|| ||spa|d | ||
| 020 | |a 9506940371 | ||
| 040 | |c cru CIDCACS/IIS | ||
| 090 | |a 01.02.01 A512a | ||
| 100 | 1 | |9 3351 |a Eguizábal Mendoza, Cristina |e Editora | |
| 245 | |a América Latina y la crisis Centroamericana: |b en busca de una solución regional / |c edición preparada por Cristina Eguizábal | ||
| 260 | |a Buenos Aires: |b Grupo Editor Latinoamericano, |c 1988 | ||
| 300 | |a 281 páginas | ||
| 440 | 0 | |9 9513 |a Colección Estudios Internacionales | |
| 500 | |a Colección Centroamérica | ||
| 942 | |2 ddc |c LI | ||
| 999 | |c 43180 |d 43180 | ||



